Csallóközi formula avagy református ágenda a 16–17. századból

Elmentve itt :
Bibliográfiai részletek
Szerző: Fekete Csaba
Dokumentumtípus: Könyv része
Megjelent: 2016
Sorozat:MONOKgraphia
Kulcsszavak:Liturgia - evangélikus - 16-17. sz.
Online Access:http://acta.bibl.u-szeged.hu/36694
LEADER 00622naa a2200181 i 4500
001 acta36694
005 20260224081030.0
008 161118s2016 hu o 000 hun d
020 |a 978-963-09-8702-8 
040 |a SZTE Egyetemi Kiadványok Repozitórium  |b hun 
041 |a hun 
100 1 |a Fekete Csaba 
245 1 0 |a Csallóközi formula avagy református ágenda a 16–17. századból  |h [elektronikus dokumentum] /  |c  Fekete Csaba 
260 |c 2016 
300 |a 202-208 
490 0 |a MONOKgraphia 
695 |a Liturgia - evangélikus - 16-17. sz. 
856 4 0 |u http://acta.bibl.u-szeged.hu/36694/1/monok60_038.pdf  |z Dokumentum-elérés